Представление документа в формате MARC21

Поле Инд. ПП Название Значение
Тип записи a
Библиографический уровень m
001 Контрольный номер DU/683389891
005 Дата корректировки 20250306164941.9
008 Кодируемые данные 20081121
020 a ISBN 9785171091835
040 b Код языка каталог. rus
e Правила каталог. PSBO
041 0_ a Код языка текста rus
084 a Индекс другой классификации/Индекс ББК 88.56
090 a Полочн. индекс 88.56
x Авторский знак Р 796
100 1_ a Автор Роуч М.
q Полное имя Роуч Майкл
245 10 a Заглавие Кармический менеджмент: эффект бумеранга в бизнесе и в жизни
c Ответственность переводчик Е. Погосян; автор предисловия М. Норбеков
260 a Место издания Москва
b Издательство АСТ
c Дата издания 2021
300 a Объем 256 с.
336 a Термин вида содержания Текст
337 a Термин типа средства непосредственный
440 _0 a Серия Система Алмазный Огранщик
650 04 a Основная рубрика психология
a Основная рубрика психология поведения
a Основная рубрика социальная психология
653 0_ a Ключевые слова бизнес
a Ключевые слова буддийская философия
a Ключевые слова деятельность
a Ключевые слова достижение цели
a Ключевые слова жизненные ориентации
a Ключевые слова жизненные цели
a Ключевые слова жизненный успех
a Ключевые слова интеллект
a Ключевые слова карма
a Ключевые слова менеджмент
a Ключевые слова мотивация
a Ключевые слова мотивация достижения
a Ключевые слова надежность
a Ключевые слова психология управления
a Ключевые слова руководство
a Ключевые слова система ценностей
a Ключевые слова управление
a Ключевые слова успешность бизнеса
a Ключевые слова эффективное руководство
700 12 a Автор Погосян Е.
e Роль лиц переводчик
q Полное имя Погосян Елена
700 1_ a Автор Норбеков М.
e Роль лиц автор предисловия
q Полное имя Норбеков Мирзакарим
720 a Наименование подборки Конференция «Психология третьего тысячелетия»
e Признак/вид подборки Тематические подборки
901 t Тип документа m
952 a Тип литературы для КСУ ВШ НПИ